Mejoramiento de las propiedades físico mecánicas del suelo a través de su estabilización con cemento, como alternativa en la fabricación de bloques de adobe estabilizado para la construcción de viviendas de interés social

La investigación consiste en el mejoramiento de las propiedades físico-mecánicas del suelo, a través de su estabilización con cemento, como alternativa en la fabricación de bloques de adobe estabilizado para la construcción de viviendas de interés social, en la cual el déficit habitacional...

Full description

Bibliographic Details
Main Authors: Blanco Rodríguez, Marvin Antonio, Matus Lazo, Iván Antonio
Other Authors: Tutor: Pérez Moncada, Trinidad
Format: Tesis Section = Libro
Language:Undetermined
Spanish
Published: Managua UNI 2010
Subjects:
LEADER 01421nam a2200265Ia 4500
008 240830s9999 xx 000 0 und d
040 |a BIBLIOTECA-RUPAP Mon 693 B641 
041 |a spa 
082 |a Mon 693 B641 
100 1 |a Blanco Rodríguez, Marvin Antonio 
100 1 |b  Matus Lazo, Iván Antonio 
245 1 0 |a Mejoramiento de las propiedades físico mecánicas del suelo a través de su estabilización con cemento, como alternativa en la fabricación de bloques de adobe estabilizado para la construcción de viviendas de interés social 
260 |a Managua  |b UNI  |c 2010 
300 |a 27 p. :il. 
500 |a Contiene: anexos. 
502 |a Tesis (Ingeniero Civil)- UNI, 2010. 
520 3 |a La investigación consiste en el mejoramiento de las propiedades físico-mecánicas del suelo, a través de su estabilización con cemento, como alternativa en la fabricación de bloques de adobe estabilizado para la construcción de viviendas de interés social, en la cual el déficit habitacional en nuestro país es elevado, se necesitan aproximadamente 600.000 viviendas para cubrir las necesidades de las familias de bajo recurso. 
650 7 |a BLOQUES DE ADOBE 
650 7 |b PRODUCCION DE LADRILLOS – BARRO 
650 7 |c MATERIALES DE CONSTRUCCION – BLOQUES 
650 7 |d SUELO DE CEMENTO 
700 1 |a Tutor:  |b Pérez Moncada, Trinidad 
942 |c BK  |2 ddc 
991 |a TESIS 
999 |c 17887